Dele weds Destiny : (Record no. 4321)

000 -LEADER
fixed length control field 01148cam a22003138i 4500
001 - CONTROL NUMBER
control field 22161003
003 - CONTROL NUMBER IDENTIFIER
control field OSt
005 - DATE AND TIME OF LATEST TRANSACTION
control field 20221107121423.0
006 - FIXED-LENGTH DATA ELEMENTS--ADDITIONAL MATERIAL CHARACTERISTICS--GENERAL INFORMATION
fixed length control field m |o d |
007 - PHYSICAL DESCRIPTION FIXED FIELD--GENERAL INFORMATION
fixed length control field cr_|||||||||||
008 - FIXED-LENGTH DATA ELEMENTS--GENERAL INFORMATION
fixed length control field 210726s2022 nyu o 000 0 eng
010 ## - LIBRARY OF CONGRESS CONTROL NUMBER
LC control number 2021036834
020 ## - INTERNATIONAL STANDARD BOOK NUMBER
International Standard Book Number 9780593320303
Qualifying information (ebook)
020 ## - INTERNATIONAL STANDARD BOOK NUMBER
Cancelled/invalid ISBN 9780593320297
Qualifying information (hardcover)
040 ## - CATALOGING SOURCE
Original cataloging agency DLC
Language of cataloging eng
Transcribing agency DLC
Description conventions rda
042 ## - AUTHENTICATION CODE
Authentication code pcc
050 00 - LIBRARY OF CONGRESS CALL NUMBER
Classification number PS3615.B37 2022
082 04 - DEWEY DECIMAL CLASSIFICATION NUMBER
Classification number 813.6
Edition number 23
100 1# - MAIN ENTRY--PERSONAL NAME
Personal name Obaro, Tomi,
Dates associated with a name 1990-
Relator term author.
245 10 - TITLE STATEMENT
Title Dele weds Destiny :
Statement of responsibility, etc Tomi Obaro.
263 ## - PROJECTED PUBLICATION DATE
Projected publication date 2022
300 ## - PHYSICAL DESCRIPTION
Extent 1 online resource
500 ## - GENERAL NOTE
General note "This is a Borzoi Book published by Alfred A. Knopf."
520 ## - SUMMARY, ETC.
Summary, etc "A novel in which three Nigerian women, friends since their university days, are reunited in Lagos for the first time in thirty years at the lavish wedding of one of their daughters"--
776 08 - ADDITIONAL PHYSICAL FORM ENTRY
Display text Print version:
Main entry heading Obaro, Tomi, 1990-
Title Dele weds Destiny
Edition First edition.
Place, publisher, and date of publication New York : Alfred A. Knopf, 2022
International Standard Book Number 9780593320297
Record control number (DLC) 2021036833
906 ## - LOCAL DATA ELEMENT F, LDF (RLIN)
a 7
b cbc
c orignew
d 1
e ecip
f 20
g y-gencatlg
942 ## - ADDED ENTRY ELEMENTS (KOHA)
Source of classification or shelving scheme
Koha item type Fiction and Non- Fiction novels
Holdings
Withdrawn status Lost status Source of classification or shelving scheme Damaged status Not for loan Home library Current library Shelving location Date acquired Total Checkouts Full call number Barcode Checked out Date last seen Date checked out Copy number Price effective from Koha item type
          Riara University Library Riara University Library Leisure Reading 07/11/2022 10 PS3615.B37 2022 6074/15 17/04/2026 31/03/2026 31/03/2026 C.1 07/11/2022 Fiction and Non- Fiction novels
          Riara University Library Riara University Library Leisure Reading 07/11/2022 4 PS3615.B37 2022 6075/15   12/06/2025 04/06/2025 C.2 07/11/2022 Fiction and Non- Fiction novels

Riara University Library,
P.O. Box 49940-00100,
Nairobi, Kenya.